|
|
|
|
| LEADER |
00946cam a2200265 a 4500 |
| 001 |
c000189065 |
| 003 |
CARM |
| 005 |
20051207140810.0 |
| 008 |
730327s1972 at a j 000 0 eng d |
| 019 |
1 |
|
|a 1626957
|5 LACONCORD2021
|
| 020 |
|
|
|a 0207125074 :
|c $1.95 Aust
|
| 035 |
|
|
|a (OCoLC)27486965
|5 LACONCORD2021
|
| 040 |
|
|
|a ANB
|b eng
|c ANB
|d ABN-SNR
|
| 042 |
|
|
|a anuc
|
| 043 |
|
|
|a u-at---
|
| 082 |
0 |
4 |
|a 331.128
|2 19
|
| 100 |
1 |
|
|a Newell, Malcolm.
|
| 245 |
1 |
0 |
|a Situation vacant /
|c [by] Malcolm Newell.
|
| 260 |
|
|
|a Sydney :
|b Angus and Robertson,
|c 1972.
|
| 300 |
|
|
|a 54p. :
|b ill. ;
|c 24cm.
|
| 500 |
|
|
|a Employment. Secondary school texts (ANB/PRECIS SIN 600155056)
|
| 650 |
|
0 |
|a Job vacancies
|x Textbooks.
|
| 852 |
8 |
|
|b CARM
|h A2:AP21B0
|i C07852
|p 0265363
|f BK
|
| 999 |
f |
f |
|i c8b0a66b-c45d-5d2e-bd2c-effaae961ef6
|s 552df89f-ad08-5201-a1f0-55e506e8630b
|
| 952 |
f |
f |
|p Can circulate
|a CAVAL
|b CAVAL
|c CAVAL
|d CARM 1 Store
|e C07852
|f A2:AP21B0
|h Other scheme
|i book
|m 0265363
|